000 00919nmm a2200277 a 4500
003 AR-BaBNM
005 20251128202949.0
008 236019s1965 ||||||||||||||000 | spa||
040 _cAR-BaBNM
100 1 _aCichero, Félix Esteban
245 1 0 _aLos Pizzurno
_bPablo, y sus hermanos Juan y Carlos : ensayos biográficos
260 _aBuenos Aires
_bStilcograf
_c1965
300 0 _a244 p.
500 0 _aContiene al final del libro en p. 225-244 medio centenar de sintéticas biografías de personalidades destacadas en las distintas ramas del saber
600 1 4 _aPizzurno, Pablo A.
_d1865-1940
600 1 4 _aPizzurno, Juan T.
_d1869-1945
600 1 4 _aPizzurno, Carlos H.
_d1871-1948
650 4 _aBIOGRAFIAS
650 4 _aHISTORIA DE LA EDUCACION
650 4 _aCIENCIAS DE LA EDUCACION
650 4 _aHISTORIA CULTURAL
651 4 _aArgentina
655 _aBIOGRAFIAS
942 _cBK
998 _cEnrique
999 _c1296
_d1296